000
00310nam a2200133Ia 4500
005
20251222152037.0
008
251222s9999||||xx |||||||||||||| ||spa||
082
_a
809/G59
100
_a
Gogol. Nikolái
245
0
_a
Nochebuena
250
_a
1ra. ed.
264
_b
Editorial Espasa Calpe, S.A.
942
_c
LIB
999
_c
25879
_d
25879